| 000 | 02361nam a2200193Ia 4500 | ||
|---|---|---|---|
| 003 | Ost | ||
| 005 | 20260507075110.0 | ||
| 008 | 260507s9999||||xx |||||||||||||| ||und|| | ||
| 040 | _cfsecg | ||
| 041 | _aara | ||
| 082 | _a330 | ||
| 100 |
_aباديرو، اديدجي _eمؤلف |
||
| 245 | 0 |
_aالدليل الصناعي الى ايزو 9000 / _c اديدجي باديرو |
|
| 260 |
_aالقاهرة: _bدار الفجر للنشر والتوزيع, _c1999 |
||
| 300 | _c24 سم | ||
| 520 | _aمقدمة- الباب الاول : الابعاد العالمية للجودة : المنافسة العالمية : تعريفات الجودة : الحاجة الى مواصفات قياسية : المواصفات القياسية العالمية : تاثير الاتفاقيات الدولية : جوائز الجودة : الاعداد للتغير : مستويات التخطيط : فرق العمل : القيادة الادارية : مسئوليات الادارة العليا : ادارة المخاطر : المهام والتبعات اللازمة لنجاح رسالة الأيزو 9000 –الباب الثانى : مقدمة للايزو 9000 : اعلان الجودة : ما هى الأيزو 9000 ؟ : المواصفات القياسية الأيزو 9000 تصنع الطريق للمنافسة الدولية-الباب الثالث : ادارة الجودة الشاملة و الأيزو 9000 : نظام ادارة الجودة الشاملة-الباب الرابع : متطلبات نظام الجودة الأيزو 9000 : مسئولية الادارة : توثيق نظام الجودة : مراجعة العقد : الرقابة على التصميم : مراقبة التوثيق السندى-الباب الخامس : ادارة مشروع الأيزو 9000 : عناصر ادارة المشروع : خطوات ادارة المشروع : اختيار مدير المشروع-الباب السادس : التخطيط الأيزو 9000 الخطوط الارشادية : مراحل الاعداد-الباب السابع : اساليب توثيق ومراجعة الجودة : هدف التوثيق الداخلى : انواع التوثيق والمراجعة : مراجعة الادارة : اعداد فريق المراجعين لنظم الجودة : المقابلة الشخصية . | ||
| 653 | _aايزو | ||
| 942 | _cكتاب | ||
| 999 |
_c42877 _d42877 |
||